Thomas' calculus / (Record no. 194631)
[ view plain ]
| 000 -LEADER | |
|---|---|
| fixed length control field | 01030 a2200169 4500 |
| 003 - CONTROL NUMBER IDENTIFIER | |
| control field | NUST |
| 005 - DATE AND TIME OF LATEST TRANSACTION | |
| control field | 20221118124714.0 |
| 040 ## - CATALOGING SOURCE | |
| Transcribing agency | Nust |
| 082 ## - DEWEY DECIMAL CLASSIFICATION NUMBER | |
| Classification number | 515.15,THO |
| 100 ## - MAIN ENTRY--PERSONAL NAME | |
| Personal name | Thomas/ Finney |
| 9 (RLIN) | 23730 |
| 245 ## - TITLE STATEMENT | |
| Title | Thomas' calculus / |
| Statement of responsibility, etc. | George B. Thomas, Jr., as revised by Maurice D. Weir, Joel Hass, Frank R. Giordano |
| 250 ## - EDITION STATEMENT | |
| Edition statement | 10th ed. |
| 300 ## - PHYSICAL DESCRIPTION | |
| Extent | xxv, 1256 p.: |
| 505 ## - FORMATTED CONTENTS NOTE | |
| Formatted contents note | Preliminaries (Page-1) Limits and Continuity (Page-85) Derivatives (Page-147) Applications of Derivatives (Page-225) Integration (Page-313) Applications of Integrals (Page-393) Transcendental functions and differential Equations (Page-457) Integration techniques, L’Hopital’s Rule’ and Integrals (Page-539)Infinite Series (Page-607)Vectors in the Plane and Polar Functions (Page-717) Vectors and Motion in Space (Page-787) , Multi variable Functions and Their Derivatives (Page-873), Multiple Integrals (Page-975), Integration in Vector Fields (Page-1053), Appendices (Page-1143). |
| 650 ## - SUBJECT ADDED ENTRY--TOPICAL TERM | |
| Topical term or geographic name entry element | Calculus |
| 942 ## - ADDED ENTRY ELEMENTS (KOHA) | |
| Source of classification or shelving scheme | |
| Koha item type | Book |
| Call number prefix | 515.15,THO |
| Withdrawn status | Lost status | Source of classification or shelving scheme | Damaged status | Not for loan | Permanent Location | Current Location | Shelving location | Date acquired | Total Checkouts | Full call number | Barcode | Date last seen | Date last checked out | Price effective from | Koha item type | Public note |
|---|---|---|---|---|---|---|---|---|---|---|---|---|---|---|---|---|
| Military College of Signals (MCS) | Military College of Signals (MCS) | General Stacks | 12/12/2016 | 5 | 515.15,THO | MCS36320 | 02/12/2026 | 10/14/2025 | 12/12/2016 | Book | Almirah No.13, Shelf No.3 |
